Statistics for NFL: The Top 100 Players of 2012

Click here to take the quiz!

General Stats

  • This quiz has been taken 1,936 times
  • The average score is 54 of 100

Answer Stats

#Answer2011 TeamPosition% Correct
1Aaron RodgersGreen Bay PackersQB
99%
2Drew BreesNew Orleans SaintsQB
99%
4Tom BradyNew England PatriotsQB
99%
3Calvin JohnsonDetroit LionsWR
98%
15Andre JohnsonHouston TexansWR
96%
100Chris JohnsonTennesse TitansRB
96%
78Derrick JohnsonKansas City ChiefsOLB
95%
8Adrian PetersonMinnesota VikingsRB
93%
42Jason PetersPhiladelphia EaglesOT
91%
7Larry FitzgeraldArizona CardinalsWR
91%
55Patrick PetersonArizona CardinalsCB
91%
5Darrelle RevisNew York JetsCB
87%
31Eli ManningNew York GiantsQB
85%
50Peyton ManningIndianapolis ColtsQB
85%
20Ray LewisBaltimore RavensMLB
83%
14Jimmy GrahamNew Orleans SaintsTE
79%
17Justin SmithSan Francisco 49ersDE
79%
21Rob GronkowskiNew England PatriotsTE
79%
35Steve SmithCarolina PanthersWR
78%
16Ed ReedBaltimore RavensFS
76%
18LeSean McCoyPhiladelphia EaglesRB
76%
40Cam NewtonCarolina PanthersQB
72%
41Matthew StaffordDetroit LionsQB
72%
22Ray RiceBaltimore RavensRB
72%
30Ben RoethlisbergerPittsburgh SteelersQB
71%
28Frank GoreSan Francisco 49ersRB
71%
11Terrell SuggsBaltimore RavensOLB
70%
6DeMarcus WareDallas CowboysOLB
68%
19Troy PolamaluPittsburgh SteelersSS
68%
25Arian FosterHouston TexansRB
67%
27Clay MatthewsGreen Bay PackersOLB
67%
12Maurice Jones-DrewJacksonville JaguarsRB
67%
80Jordy NelsonGreen Bay PackersWR
66%
10Patrick WillisSan Francisco 49ersILB
66%
61Philip RiversSan Diego ChargersQB
66%
71DeSean JacksonPhiladelphia EaglesWR
65%
96D'Qwell JacksonCleveland BrownsILB
65%
83Fred JacksonBuffalo BillsRB
65%
33Matt ForteChicago BearsRB
65%
37Steven JacksonSt. Louis RamsRB
65%
66Earl ThomasSeattle SeahawksFS
64%
82Joe ThomasCleveland BrownsOT
64%
39Victor CruzNew York GiantsWR
64%
43Vernon DavisSan Francisco 49ersTE
63%
52Von MillerDenver BroncosOLB
63%
23Wes WelkerNew England PatriotsWR
63%
53Tony GonzalezAtlanta FalconsTE
62%
74Joe FlaccoBaltimore RavensQB
61%
77A. J. GreenCincinnati BengalsWR
59%
75Jason WittenDallas CowboysTE
59%
38Ndamukong SuhDetroit LionsDT
59%
13Jared AllenMinnesota VikingsDE
58%
94Marshawm LynchSeattle SeahawksRB
58%
91Tony RomoDallas CowboysQB
58%
29James HarrisonPittsburgh SteelersOLB
56%
65Roddy WhiteAtlanta FalconsWR
56%
51Brian UrlacherChicago BearsMLB
54%
36Charles WoodsonGreen Bay PackersCB
54%
70Michael VickPhiladelphia EaglesQB
54%
9Haloti NgataBaltimore RavensDT
51%
24Jason Pierre-PaulNew York GiantsDE
48%
46Champ BaileyDenver BroncosCB
44%
26Julius PeppersChicago BearsDE
44%
85NaVorro BowmanSan Francisco 49ersILB
43%
49Maurkice PounceyPittsburgh SteelersC
42%
56Greg JenningsGreen Bay PackersWR
41%
62Justin TuckNew York GiantsDE
38%
81Vince WilforkNew England PatriotsDT
38%
60Darren McFaddenOakland RaidersRB
36%
34Tamba HaliKansas City ChiefsOLB
36%
95Tim TebowDenver BroncosQB
36%
54Brian CushingHouston TexansILB
34%
47Mike WallacePittsburgh SteelersWR
34%
92John KuhnGreen Bay PackersFB
32%
84Chris LongSt. Louis RamsDE
31%
59Jake LongMiami DolphinsOT
31%
88Michael TurnerAtlanta FalconsRB
29%
89Dwight FreeneyIndianapolis ColtsDE
27%
67Joe StaleySan Francisco 49ersOT
27%
76Carl NicksNew Orleans SaintsG
26%
90Hakeem NicksNew York GiantsWR
26%
86Darren SprolesNew Orleans SaintsRB
25%
72Lance BriggsChicago BearsOLB
24%
99Ryan KalilCarolina PanthersC
24%
32Jahri EvansNew Orleans SaintsG
22%
48Devin HesterChicago BearsWR
20%
73Johnathan JosephHouston TexansCB
19%
87London FletcherWashington RedskinsILB
19%
45Vonta LeachBaltimore RavensFB
19%
58Jonathan VilmaNew Orleans SaintsMLB
18%
64Logan MankinsNew England PatriotsG
18%
57Trent ColePhiladelphia EaglesDE
17%
68Elvis DumervilDenver BroncosDE
16%
63LaMarr WoodleyPittsburgh SteelersOLB
14%
98Willis McGaheeDenver BroncosRB
14%
93Cortland FinneganTennessee TitansCB
11%
44Jason BabinPhiladelphia EaglesDE
11%
69Carlos RogersSan Francisco 49ersCB
10%
79Nnamdi AsomughaPhiladelphia EaglesCB
8%
97Donald PennTampa Bay BuccaneersOT
7%

Score Distribution

Percentile by Number Answered

Percent of People with Each Score

Your Score History

You have not taken this quiz